| 000 | 00553nam a2200193 ar4500 | ||
|---|---|---|---|
| 001 | 1169 | ||
| 005 | 20221127090142.0 | ||
| 008 | 090228s xxu 0001f|eng d | ||
| 020 |
_a0871139294(hpb) : _cSR136.00 |
||
| 082 | 0 | 4 |
_a813.54 _bD451 2006 |
| 100 | 1 | _aDesai, Kiran. | |
| 245 | 1 | 4 |
_aThe inheritance of loss / _cKiran Desai. |
| 250 | _a1st ed. | ||
| 260 |
_aNew York : _bAtlantic Monthly Press, _c2006. |
||
| 300 |
_a324 p. ; _c23 cm. |
||
| 650 | 4 |
_aAmerican fiction _y20th century. |
|
| 650 | 4 |
_aGrandfathers _vFiction. |
|
| 650 | 4 | _aDomestic fiction. | |
| 999 |
_c1168 _d1168 |
||